| 000 | 00951nam a2200229 a 4500 | ||
|---|---|---|---|
| 001 | 38923 | ||
| 003 | BD-RjUL | ||
| 005 | 20211209052902.0 | ||
| 008 | 160424t20121999ii a||| |||| 00| j ben d | ||
| 020 |
_a8172159773 _c: Tk. 200.00 |
||
| 035 | _a(BD-RjUL) 39033 | ||
| 040 |
_aBD-RjUL _bben _cBD-RjUL |
||
| 041 | _aben | ||
| 082 |
_223 _a891.44092 _bBAK 2012 |
||
| 100 |
_aবন্দ্যোপাধ্যায়, পুলক _9120170 |
||
| 245 | 1 | 0 |
_aকথায় কথায় রাত হয়ে যায় / _cপুলক বন্দ্যোপাধ্যায় |
| 260 |
_aকলকাতা : _bআনন্দ পাবলিশার্স, _c১৯৯৯, [মুদ্রণ ২০১২] |
||
| 300 |
_a২৯৯ পৃ. : _bচিত্র ; _c২২ সেমি. |
||
| 600 |
_aবন্দ্যোপাধ্যায়, পুলক _9120170 |
||
| 600 |
_aBandyopadhyaẏa, Pulaka _9123877 |
||
| 942 |
_2ddc _cBK |
||
| 999 |
_c38923 _d38923 |
||